Effect of spacing and number of seedling on phkar rumduol rice variety at the royal university of agriculture ឥទ្ធិពលចន្លោះគុម្ព និង​ចំនួនសំណាបស្ទូងនៅលើទិន្នផលនៃពូជស្រូវផ្ការំដួល ក្នុងលក្ខខណ្ឌសាកលវិទ្យាល័យភូមិន្ទកសិកម្ម (Record no. 878)

000 -LEADER
fixed length control field 00792nam a22001577a 4500
003 - CONTROL NUMBER IDENTIFIER
control field OSt
005 - DATE AND TIME OF LATEST TRANSACTION
control field 20150920094519.0
008 - FIXED-LENGTH DATA ELEMENTS--GENERAL INFORMATION
fixed length control field 150920b xxu||||| |||| 00| 0 eng d
040 ## - CATALOGING SOURCE
Transcribing agency RUA
082 ## - DEWEY DECIMAL CLASSIFICATION NUMBER
Classification number AGR MAN 2008 B038 Or.1
100 ## - MAIN ENTRY--PERSONAL NAME
9 (RLIN) 909
Personal name MANG, VOTOU.
245 ## - TITLE STATEMENT
Title Effect of spacing and number of seedling on phkar rumduol rice variety at the royal university of agriculture ឥទ្ធិពលចន្លោះគុម្ព និង​ចំនួនសំណាបស្ទូងនៅលើទិន្នផលនៃពូជស្រូវផ្ការំដួល ក្នុងលក្ខខណ្ឌសាកលវិទ្យាល័យភូមិន្ទកសិកម្ម
260 ## - PUBLICATION, DISTRIBUTION, ETC. (IMPRINT)
Place of publication, distribution, etc. Phnom Penh
Name of publisher, distributor, etc. RUA
Date of publication, distribution, etc. 2008
300 ## - PHYSICAL DESCRIPTION
Extent x; 56p.
Other physical details ill.
Dimensions 29cm.
942 ## - ADDED ENTRY ELEMENTS (KOHA)
Source of classification or shelving scheme
Koha item type AGR
Holdings
Price effective from Date last seen Permanent Location Not for loan Date acquired Source of classification or shelving scheme Koha item type Lost status Withdrawn status Date last checked out Total Checkouts Shelving location Damaged status Barcode Current Location Full call number
2015-09-202017-11-11Library Block B 2015-09-20 AGR  2017-10-281B038 RUA002017Library Block BAGR MAN 2008 B038 Or.1
2015-09-202024-01-16Library Block B 2015-09-20 AGR  2024-01-052B038 RUA002361Library Block BAGR MAN 2008 B038 Or.2
2015-09-202024-01-16Library Block B 2015-09-20 AGR  2024-01-031B038 RUA002929Library Block BAGR MAN 2008 B038 Or.3
2015-09-202015-09-20Library Block B 2015-09-20 AGR    B038 RUA002073Library Block BAGR MAN 2008 B038 Or.4
2015-09-202015-09-20Library Block B 2015-09-20 AGR    B038 RUA002445Library Block BAGR MAN 2008 B038 Or.5
មជ្ឈមណ្ឌលឯការនៃសាកលវិទ្យាល័យភូមិន្ទកសិកម្មចំការដូង

Powered by Koha